Statistics for Geography Analogies #5

Click here to take the quiz!

General Stats

  • This quiz has been taken 20,497 times
  • The average score is 11 of 20

Answer Stats

This is to this … As … % Correct
Egypt is to SudanUnited States is to {Mexico}
95%
Cedar is to Lebanon{Maple} is to Canada
84%
Niagara Falls are to
North America
{Victoria} {Falls} are to
Africa
79%
Komodo Dragon is to
Indonesia
Lemur is to
{Madagascar}
74%
Bouillabaisse is to MarseillePizza is to {Naples}
73%
Lagos is to AbujaSão Paulo is to {Brasilia}
66%
Lufthansa is to Germany{Qantas} is to Australia
65%
Jeddah is to Red SeaHelsinki is to {Baltic} {Sea}
63%
Castle is to England{Chateau} is to France
58%
Statue of Liberty is to
New York
Great Sphinx is to
{Giza}
57%
Mount Teide is to TenerifeMount Etna is to {Sicily}
56%
Canary Islands are to Spain{Azores} are to Portugal
55%
Coffee is to BrazilOpium is to {Afghanistan}
54%
PNG is to GuineaUAE is to {Emirates}
53%
.za is to South Africa.ch is to {Switzerland}
45%
Charles Bridge is to
Prague
Bridge of Sighs is to
{Venice}
41%
Ciudad Juarez is to El Paso{Tijuana} is to San Diego
39%
Lima is to PizarroPhiladelphia is to {Penn}
29%
Grand Coulee is to ColumbiaAswan is to {Nile}
28%
Guam is to MicronesiaHawaii is to {Polynesia}
25%

Score Distribution

Percentile by Number Answered

Percent of People with Each Score

Your Score History

You have not taken this quiz